Finnish ethnic groups and nationalities - Statistics

General Stats
  • This quiz has been taken 61 times
  • The average score is 7 of 10
Answer Stats
Population Country % Correct
4,8M Finnish
100%
290k Swedish
93%
69k Russian
91%
46k Estonian
84%
9k Sami
77%
10k Chinese
60%
14k Arab
56%
16k Somali
51%
10k Kurd
28%
16k British
19%
No matching quizzes found
Score Distribution
Percent of People with Each Score
Percentile by Number Answered
Your Score History
You have not taken this quiz